Quiz Presidentes do Brasil - Statistics

Estatísticas Gerais
  • Esse quiz foi jogado 72 vezes
  • A pontuação média é 24 de 42
Estatísticas das Respostas
Mandato Presidente % Correto
2011⁠–⁠2016 Dilma Vana Rousseff
100%
2019⁠⁠–⁠20⁠22 Jair Messias Bolsonaro
100%
2023⁠–⁠ Luiz Inácio Lula da Silva
100%
2003⁠–⁠2011 Luiz Inácio Lula da Silva
100%
2016⁠–⁠2019 Michel Miguel Elias Temer Lulia
96%
1995⁠⁠–⁠2003 Fernando Henrique Cardoso
89%
1951⁠–⁠1954 Getúlio Dornelles Vargas
85%
1930⁠–⁠1945 Getúlio Dornelles Vargas
85%
1990⁠–⁠1992 Fernando Affonso Collor de Mello
83%
1889⁠–⁠1891 Manuel Deodoro da Fonseca
81%
1956⁠–⁠1961 Juscelino Kubitschek de Oliveira
79%
1985⁠–⁠1990 José Sarney de Araújo Costa
77%
1992⁠–⁠1995 Itamar Augusto Cautiero Franco
75%
1961 Jânio da Silva Quadros
74%
1961⁠–⁠1964 João Belchior Marques Goulart
70%
1891⁠–⁠1894 Floriano Vieira Peixoto
68%
1964⁠–⁠1967 Humberto de Alencar Castelo Branco
68%
1967⁠–⁠1969 Artur da Costa e Silva
60%
1969⁠–⁠1974 Emílio Garrastazu Médici
60%
1979⁠–⁠1985 João Baptista de Oliveira Figueiredo
58%
1954⁠–⁠1955 João Fernandes Campos Café Filho
58%
n/a Tancredo de Almeida Neves
58%
1946⁠–⁠1951 Eurico Gaspar Dutra
53%
1974⁠–⁠1979 Ernesto Beckmann Geisel
47%
1925⁠–⁠1930 Washington Luís Pereira de Sousa
45%
1894⁠–⁠1898 Prudente José de Morais Barros
42%
1909⁠–⁠1910 Nilo Procópio Peçanha
40%
1914⁠–⁠1918 Venceslau Brás Pereira Gomes
36%
1906⁠–⁠1909 Afonso Augusto Moreira Pena
34%
1910⁠–⁠1914 Hermes Rodrigues da Fonseca
34%
1898⁠–⁠1902 Manuel Ferraz de Campos Sales
34%
1902⁠–⁠1906 Francisco de Paula Rodrigues Alves
28%
1964 Pascoal Ranieri Mazzilli
28%
1961 Pascoal Ranieri Mazzilli
28%
1922⁠–⁠1926 Artur da Silva Bernardes
26%
1919⁠–⁠1922 Epitácio Lindolfo da Silva Pessoa
26%
1945⁠–⁠1946 José Linhares
26%
1955⁠–⁠1956 Nereu de Oliveira Ramos
26%
1955 Carlos Coimbra da Luz
23%
1919 Delfim Moreira da Costa Ribeiro
23%
n/a Júlio Prestes de Albuquerque
23%
n/a Pedro Aleixo
17%
Nenhum quiz correspondente encontrado
Distribuição das Pontuações
Porcentagem de Pessoas com Cada Pontuação
Percentil de Números Respondidos
Sua Pontuação Histórica
Você não jogou esse quiz